| 000 | 00876nam a2200205Ia 4500 | ||
|---|---|---|---|
| 999 |
_c35835 _d35835 |
||
| 001 | 1726 | ||
| 003 | GE_BSU | ||
| 005 | 20221220150843.0 | ||
| 008 | 181216s1958ge xx |||||||||||||| ||geo|| | ||
| 040 | _cGE_BSU | ||
| 041 | _ageo | ||
| 080 | _a821.353.1+ 821.353.1-32 ჯ-13 | ||
| 100 |
_aჯავახიშვილი, მიხეილ _91373 |
||
| 245 |
_aრჩეული თხზულებანი ექვს ტომად. _bტ.1. მოთხრობები / _cმიხეილ ჯავახიშვილი |
||
| 264 |
_aთბილისი : _bსაბჭოთა საქართველო, _c1958. |
||
| 300 |
_a501 გვ.: _b22 სმ. |
||
| 653 | _aმოთხრობები | ||
| 653 | _aჩანჩურა -- მეჩექმე გაბო -- უპატრონო, [და სხვა] | ||
| 942 |
_cBK _2udc |
||